书目信息 |
| 题名: |
ERP应用教程
|
|
| 作者: | 许建钢 编著 ;王新玲 , 张清华 编著 | |
| 分册: | ||
| 出版信息: | 北京 电子工业出版社 2005.08 |
|
| 页数: | 10, 250页 | |
| 开本: | 24cm | |
| 丛书名: | 用友ERP系列丛书 | |
| 单 册: | ||
| 中图分类: | F270.7 | |
| 科图分类: | ||
| 主题词: | 企业管理--qi ye guan li--管理信息系统--ERP | |
| 电子资源: | ||
| ISBN: | 7-121-01615-X | |
| 000 | 01147nam 2200277 450 | |
| 001 | 012006827445 | |
| 005 | 20060701100836.70 | |
| 010 | @a7-121-01615-X@dCNY28.00 | |
| 100 | @a20060610d2005 km y0chiy0120 ea | |
| 101 | 0 | @achi |
| 102 | @aCN@b110000 | |
| 105 | @aa z 000yy | |
| 200 | 1 | @aERP应用教程@AERP ying yong jiao cheng@f许建钢 … [等] 编著@Fxu jian gang…[deng]bian zhu |
| 210 | @a北京@c电子工业出版社@d2005.08 | |
| 215 | @a10, 250页@c图@d24cm | |
| 225 | 2 | @a用友ERP系列丛书@Ayong you ERP xi lie cong shu |
| 304 | @a编著还有:王新玲、张清华、武兴兵、周晓红、张月强 | |
| 330 | @a本书阐述了ERP的发展历程、ERP的工作原理、ERP的选型和ERP的实施指引以及ERP的案例分析。内容实用、资料全面、数据翔实、语言流畅是本书的特点。本书以详细务实的文风清晰地定义了ERP及其应用的要点、难点,为ERP在中国的应用实践做了全面周到的总结和分析。 | |
| 410 | 0 | @12001 @a用友ERP系列丛书 |
| 606 | 0 | @a企业管理@Aqi ye guan li@x管理信息系统@xERP |
| 690 | @aF270.7@v4 | |
| 701 | 0 | @a许建钢@Axu jian gang@4编著 |
| 702 | 0 | @a王新玲@Awang xin ling@4编著 |
| 702 | 0 | @a张清华@Azhang qing hua@4编著 |
| 801 | 0 | @aCN@bQSSK@c20060701 |
| 905 | @a10447@dF270.7@eX871 | |
| ERP应用教程/许建钢 … [等] 编著.-北京:电子工业出版社,2005.08 |
| 10, 250页:图;24cm.-(用友ERP系列丛书) |
| ISBN 7-121-01615-X:CNY28.00 |
| 本书阐述了ERP的发展历程、ERP的工作原理、ERP的选型和ERP的实施指引以及ERP的案例分析。内容实用、资料全面、数据翔实、语言流畅是本书的特点。本书以详细务实的文风清晰地定义了ERP及其应用的要点、难点,为ERP在中国的应用实践做了全面周到的总结和分析。 |
| ● |
| 相关链接 |
|
|
|
正题名:ERP应用教程
索取号:F270.7/X871
 
预约/预借
| 序号 | 登录号 | 条形码 | 馆藏地/架位号 | 状态 | 备注 |
| 1 | 582390 | 205823901 | 社科库409/409社科库 86排4列3层/ [索取号:F270.7/X871] | 在馆 | |
| 2 | 582391 | 205823910 | 社科库409/409社科库 86排4列3层/ [索取号:F270.7/X871] | 在馆 | |
| 3 | 582392 | 205823929 | 社科库409/409社科库 86排4列3层/ [索取号:F270.7/X871] | 在馆 |